000 00340 a2200157 4500
001 150809
040 _cEscola São Tomás de Aquino
100 _aMACCARI, Natália
240 1 0 _aSímbolos de Natal
_lpor
245 1 0 _aSímbolos de Natal
300 _a32
362 0 _a1996
440 1 _aPaulinas
697 _aRELIGIÃO
942 _cBK
999 _c150809
_d150809